Countries With The Most Ukrainian Ancestry - Statistics

General Stats
  • This quiz has been taken 51 times
    41 since last reset
  • The average score is 30 of 35
Answer Stats
People Country % Correct
2,35 mil Poland
100%
190,000 United Kingdom
100%
2,94 mil Russia
97%
37,54 mil Ukraine
97%
1,12 mil United States
97%
1,30 mil Canada
94%
288,000 Germany
94%
261,000 Spain
94%
285,000 Belarus
91%
133,000 France
91%
33,000 Greece
91%
315,000 Italy
91%
530,000 Romania
91%
35,000 Latvia
89%
52,000 Lithuania
89%
27,00 Bulgaria
86%
22,500 Estonia
86%
328,000 Hungary
86%
312,500 Moldova
86%
59,000 Turkey
86%
680,000 Brazil
83%
370,000 Kazakhstan
83%
250,000 Slovakia
83%
56,500 Sweden
83%
149,000 Czech Republic
80%
45,000 Finland
80%
38,000 Norway
80%
64,000 Portugal
80%
63,000 Switzerland
77%
450,000 Argentina
74%
77,500 Ireland
71%
128,200 Uzbekistan
71%
39,000 Australia
66%
135,000 Israel
51%
28,500 Uruguay
51%
No matching quizzes found
Score Distribution
Percent of People with Each Score
Percentile by Number Answered
Your Score History
You have not taken this quiz since the last reset